| 000 | 00374nam a22001457a 4500 | ||
|---|---|---|---|
| 008 | 230626b xxu||||| |||| 00| 0 eng d | ||
| 082 |
_a332.9 _bJDS |
||
| 100 | _cOliver Morrissey | ||
| 245 | _aThe Journal of Development Studies | ||
| 260 |
_aEngland _bFrank CASS & Co. _c2001 |
||
| 300 | _a178p | ||
| 440 |
_n3 _v37 _x0022038 |
||
| 700 | _cIgor Filatotchev | ||
| 942 |
_2ddc _cBK |
||
| 999 |
_c2634 _d2634 |
||